Влияние постоянного магнитного поля на структурно-механические свойства парафинистых нефей; Нефтехимия; Т. 44, № 1

מידע ביבליוגרפי
Parent link:Нефтехимия: научный журнал/ Российская академия наук (РАН).— , 1963-.— 0028-2421
Т. 44, № 1.— 2004.— С. 63-67
מחבר ראשי: Лоскутова Ю. В.
מחברים אחרים: Юдина Н. В.
שפה:רוסית
יצא לאור: 2004
נושאים:
פורמט: Book Chapter
KOHA link:https://koha.lib.tpu.ru/cgi-bin/koha/opac-detail.pl?biblionumber=391150

MARC

LEADER 00000naa2a2200000 4500
001 391150
005 20231101064044.0
035 |a (RuTPU)RU\TPU\prd\24950 
090 |a 391150 
100 |a 20040407a2004 k y0rusy50 ca 
101 0 |a rus 
102 |a RU 
200 1 |a Влияние постоянного магнитного поля на структурно-механические свойства парафинистых нефей  |f Ю. В. Лоскутова, Н. В. Юдина 
320 |a Библиогр.: 14 назв. 
461 1 |0 (RuTPU)RU\TPU\prd\1600  |x 0028-2421  |t Нефтехимия  |o научный журнал  |f Российская академия наук (РАН)  |d 1963- 
463 1 |0 (RuTPU)RU\TPU\prd\24187  |t Т. 44, № 1  |v С. 63-67  |d 2004 
610 1 |a парафинистые нефти 
610 1 |a магнитное поле 
610 1 |a влияние 
610 1 |a реологические свойства 
610 1 |a структурно-механические преобразования 
610 1 |a нефтяные дисперсные системы 
610 1 |a парамагнитные свойства 
675 |a 665.61.035.6:543.42  |v 3 
700 1 |a Лоскутова  |b Ю. В. 
701 1 |a Юдина  |b Н. В. 
801 1 |a RU  |b 63413507  |c 20040407  |g PSBO 
801 2 |a RU  |b 63413507  |c 20130724  |g RCR 
942 |c BK